000 00825nam a22002177a 4500
005 20240530110913.0
008 220209s2009 ua a b 000 0 ara d
017 _bمصر. دار الكتب
040 _aEG-CaGPL
_cEG-CaGPL
082 0 4 _221
_a494.35 /
_bخ ح
100 0 _aخالد محمد ابو الحسن
245 1 0 _aالحروف اللاتينية واغتيال الهوية الاسلامية فى الثقافة التركية المعاصرة /
_cخالد محمد ابو الحسن
250 _aط.1
260 _aالقاهرة :
_bالمكتبة المصرية،
_c2009
300 _a87 ؛
_c24 سم
650 0 7 _2qrmak
_aالثقافة التركية
650 0 7 _2qrmak
_aالهوية الاسلامية
651 _2qrmak
942 _2ddc
_cBK
999 _c66340
_d66340